000 00548nam a2200193Ia 4500
005 20250508165315.0
008 008 250505s9999 xx 000 0 eng d
037 _aDissertations
040 _aFEDL
_beng
_cFEDL
041 _aeng
_2eng
084 _a650.7, PAR/DI
_qFEDL
100 _aParveen Kumar
245 0 _aCritical review of the preparation of commerce teachers
260 _c2012
300 _a115p.
546 _aM. Phil Dissertation (Delhi University)
942 _cDIS
_h650.7, PAR/DI
999 _c1394339
_d1394339